000 00206 a2200097 4500
001 20384
100 _aYourgrau, W
245 _aPhysics, Logic & Historry
260 _a
_bPlenum P
_c
090 _c14868
_d14868
942 _aNUST-CAE
_cM
_c5411
999 _c255457
_d255457